000 00622pam a2200181 a 4500
005 20131016101838.0
008 950627s1996 njua b 001 0 eng
020 _a0131565060
080 _a32
100 1 _aWilson, Frank Lee,
_d1941-
245 1 0 _aConcepts and issues in comparative politics :
_cFrank L. Wilson.
260 _aUpper Saddle River, N.J. :
_bPrentice Hall,
_cc1996.
300 _axv, 222 p. :
_bill. ;
_c23 cm.
500 _aPreface : f. XIII - XV
504 _aIncludes bibliographical references and index.
650 0 _aPolitika dhe qeverisja
942 _2udc
_cBK
999 _c132
_d132